000 00976nam a22002897a 4500
001 4912
003 FISKH
005 20250909104813.0
008 241024b cb ||||| |||| 00| 0 eng d
020 _a9780531284605
040 _aFISKH
_beng
_cFISKH
_dFISKH
050 _aQC271.M36
082 _a536.5
100 _aManolis, Kay
_d(1957-)
245 _aTemperature /
_cby Kay Manolis
250 _aThis edition first published in 2011.
260 _aNew York :
_bScholastic,
_c2011.
300 _a24 pages :
_bColor illustrations ;
_c23 cm
505 _aN
520 _a"First Science explains introductory physical science concepts about temperature through real-world observation and simple scientific diagrams. Intended for students in grades three through six"--Provided by publisher.
521 8 _a560L
_bLexile
521 8 _aN
_bRaz-Plus
650 _2Temperature
_aScience
650 _2Glossary
_aNon-fiction
942 _2ddc
_cBK
_n0
999 _c4912
_d4912